| 000 | 00566nam a2200181Ia 4500 | ||
|---|---|---|---|
| 999 |
_c18377 _d18377 |
||
| 082 | _a363.45 PRE; | ||
| 245 | 0 | _aPrescription for change: national drug policies,social transformation and the media | |
| 260 |
_aPhilippine _bPhilippine Centre for Investigation Journalism _c1992 |
||
| 300 | _a143p.: pictures | ||
| 650 | _aDrugs and mass media | ||
| 650 | _aPharmaceutical policy | ||
| 650 | _aDrugs - Prescribing | ||
| 650 | _aDrug policy | ||
| 650 | _aMedical policy | ||
| 650 | _aSocial change | ||
| 650 | _aDrugs - Dosage - Computer programs | ||
| 942 | _cBK | ||